| 000 | 00573nam a2200193Ia 4500 | ||
|---|---|---|---|
| 003 | GCL | ||
| 008 | 140319s9999 xx 000 0 eng d | ||
| 040 |
_aGCL / _cGCL |
||
| 082 | 0 | 4 |
_a320.9598 _bV I |
| 100 | 1 | _aVATIKIOTIS, MICHAEL R.J | |
| 245 | 1 | 0 |
_aINDONESIAN POLITICS UNDER SUHARTO ORDER, DEVELOPMENT AND PRESSURE FOR CHANGE / _cVATIKIOTIS, MICHAEL R.J |
| 260 |
_a[S.N] : _bROUTLEDGE ، _c1997 |
||
| 300 | _a234 P | ||
| 650 | 0 | 4 | _aINDONESIAN - POLITICS AND GOVERNMENT |
| 650 | 0 | 4 | _aDEMOCRACY |
| 650 | 0 | 4 | _aISLAM - POLITICS |
| 650 | 0 | 4 | _aINDONESIA |
| 942 |
_2ddc _cBK |
||
| 999 |
_c13825 _d13825 |
||